Дело о заимообразном отпуске из еврейского училищного капитала 300 рублей для уплаты за наем помещения Велижского казенного евре...

Доступно только в Электронных читальных залах Найти на картеНа карте
RUSMARC
00003626nmc2a2200000 x 450
001932bcbc2-1dc5-48a1-88ed-32641091c472
00520160706150704.0
100##$a20150812l18591862k l0rusy0189 ca
1010#$arus
102##$aRU
2001#$aДело о заимообразном отпуске из еврейского училищного капитала 300 рублей для уплаты за наем помещения Велижского казенного еврейского училища 1 разряда
$j15 мая 1859 г. - 24 ноября 1862 г.; 28 декабря 1862 г.
251##$cДело
300##$aДело
801#0$aRU
$bРГИА
$c20150812
$gRCR
801#1$aRU
$bГлавНИВЦ
$c20150812
$2rusmarc
801#2$aRU
$bПБ им. Б.Н. Ельцина
$c20160706
$gRCR
$2rusmarc
850##$aРГИА
852##$aРГИА
$eФедеральное казенное учреждение "Российский государственный исторический архив" (РГИА)
$j488
937##$hРГИА
$d12087679
$aASBIBLIO_SCAN
462#0$10012b27dfda-2c9d-44cf-86d6-db2e6106e749
$12001
$aДела по еврейским казенным училищам за 1856-1862 гг.
$1251
$cОпись
$1852
$j98
461#0$1001a74412a3-3cc5-4d21-8f0a-dfe2fbd9e72d
$12001
$aДепартамент народного просвещения Министерства народного просвещения (1803-1917)
$1251
$cФонд
$1852
$j733
215##$a15 л.
$d36,5х26 см
371##$aДокумент не является опубликованным и широко распространяемым
105##$ay###
1221#$ad
035##$a932bcbc2-1dc5-48a1-88ed-32641091c472
Формат отображения